The Blackwell reader in contemporary social theory (Record no. 390076)

000 -LEADER
fixed length control field 00433cam a22001457a 4500
008 - FIXED-LENGTH DATA ELEMENTS--GENERAL INFORMATION
fixed length control field 180718b1999 xxu||||| |||| 00| 0 eng d
020 ## - INTERNATIONAL STANDARD BOOK NUMBER
International Standard Book Number 0631206493
082 ## - DEWEY DECIMAL CLASSIFICATION NUMBER
Classification number B1 El58
245 ## - TITLE STATEMENT
Title The Blackwell reader in contemporary social theory
Statement of responsibility, etc. edited by Anthony Elliott
260 ## - PUBLICATION, DISTRIBUTION, ETC.
Place of publication, distribution, etc. London
Name of publisher, distributor, etc. Blackwell
Date of publication, distribution, etc. 1999
300 ## - PHYSICAL DESCRIPTION
Extent 396p.
650 ## - SUBJECT ADDED ENTRY--TOPICAL TERM
Topical term or geographic name entry element Social sciences - Philosophy
650 ## - SUBJECT ADDED ENTRY--TOPICAL TERM
Topical term or geographic name entry element Sociology - Philosophy
700 ## - ADDED ENTRY--PERSONAL NAME
Personal name Elliott, Anthony
Holdings
Withdrawn status Lost status Damaged status Not for loan Permanent Location Current Location Date acquired Full call number Barcode Date last seen Price effective from Koha item type
        Indian Institute of Public Administration Indian Institute of Public Administration 1999-09-15 B1 El58 74526 2018-07-21 2018-07-21 Book

Powered by Koha